Gentilé - Ville en B - Statistiques

Statistiques générales
  • Ce quiz a été pris 33 fois
  • Le résultat moyen est 8 sur 15
Statistiques - réponses
Hint Réponse % Correct
Barcelone (Espagne) Barcelonais(e)
97%
Berlin (Allemagne) Berlinois(e)
97%
Bruxelles (Belgique) Bruxellois(e)
94%
Bordeaux (France) Bordelais(e)
90%
Brest (France) Brestois(e)
90%
Bologne (Italie) Bolonais(e)
58%
Bamako (Mali) Bamakois(e)
55%
Budapest (Hongrie) Budapestois(e)
55%
Boston (États-Unis) Bostonnais(e)
52%
Brisbane (Australie) Brisbanais(e)
52%
Besançon (France) Bisontin(e)
29%
Berne (Suisse) Bernois(e)
13%
Buenos Aires (Argentine) Portogène/Buenos airien(ne)
6%
Belfort (France) Belfortain(ne)
0%
Beyrouth (Liban) Beyrouthin(e)
0%
Aucun quiz correspondant
Distribution des résultats
% des personnes avec chaque résultat
Percentile par nombre de réponses
Votre historique - résultats
Vous n’avez pas pris ce quiz